Lord of the Rings - Map of Middle-earth - Statistics

General Stats
  • This quiz has been taken 2,359 times
  • The average score is 25 of 85
Answers on the Map
Answers color-coded by a green-red scale on the quiz's map according to % correct below.
 
Answer Stats
% Correct
Minions of the Darkness Mordor
95%
Dunedain Lands Gondor
90%
People and lands of the North Shire
88%
People and lands of the North Rohan
87%
Elfen Lands Rivendell (Imladris)
73%
Dwarfs Territories Misty Mountains(Ered Hithui)
72%
Dwarfs Territories Moria
71%
People and lands of the North Isengard
67%
Minions of the Darkness Mirkwood
66%
Elfen Lands Lothlorien
66%
Dunedain Lands Minas Tirith
63%
Dwarfs Territories Erebor
59%
Minions of the Darkness Orodruin(Mount Doom)
56%
People and lands of the North Fangorn
54%
People of East and South Rhun
50%
Minions of the Darkness Minas Morgul (Minas Ithil)
48%
Dunedain Lands Arnor
47%
Dwarfs Territories Blue Mountains(Ered Luin)
46%
People of East and South Harad
45%
People and lands of the North Helm's Deep
44%
Dunedain Lands Osgiliath
44%
Minions of the Darkness Angmar
42%
Rhovanion City of Dale
40%
Minions of the Darkness Barad-dur
39%
Minions of the Darkness Black Gate (Morannon)
35%
Dwarfs Territories Iron Hills(Emyn Engrin)
35%
Elfen Lands Grey Haven(Mithlond)
34%
Minions of the Darkness Dol Guldur
33%
People and lands of the North Edoras
32%
People of East and South Umbar
32%
Rhovanion Dagorlad
31%
Mountain Chains White Mountains(Ered Nimrais)
31%
Dunedain Lands Ithilien
29%
Dwarfs Territories Grey Mountains(Ered Mithrin)
28%
Elfen Lands Lindon
28%
Rhovanion Rhovanion
28%
People and lands of the North Dunland
26%
Minions of the Darkness Gundabad
25%
Minions of the Darkness Nurn
25%
Mountain Chains Mountains of Shadow (Ephel Duath)
23%
Minions of the Darkness Gorgoroth
23%
People of East and South Khand
23%
People and lands of the North Eregion
22%
Mountain Chains Ash Mountains(Ered Lithui)
21%
Dunedain Lands Dol Amroth
21%
Dunedain Lands Belfalas
19%
Mountain Chains Emyn Muil
19%
Rhovanion Esgaroth
19%
Dunedain Lands Cardolan
18%
Dunedain Lands Rhudaur
18%
Dunedain Lands Arthedain
17%
People and lands of the North Enedwaith
17%
Dunedain Lands Fornost
17%
Dunedain Lands Harondor (South Gondor)
17%
Elfen Lands Forlindon
16%
Elfen Lands Harlindon
16%
Minions of the Darkness Goblin Town
15%
Minions of the Darkness Udun
15%
Dunedain Lands Anfalas
14%
People and lands of the North Forochel(Lossoth)
14%
Elfen Lands Woodland Realm(Eryn Galen)
14%
Dunedain Lands Anorien
13%
Dunedain Lands Pelargir
13%
Dunedain Lands Annuminas
12%
Rhovanion Brownlands
12%
Dunedain Lands Lebennin
12%
Minions of the Darkness Carn Dum
11%
Rhovanion Kingdom of Dale
9%
Dunedain Lands Tolfalas
9%
Rhovanion Dorwinion
8%
Dunedain Lands Andrast
7%
Dunedain Lands Tharbad
7%
Dwarfs Territories Aglarond
6%
Elfen Lands Forlond
6%
Elfen Lands Harlond
6%
Rhovanion Kingdom of Rhovanion
6%
Rhovanion Vales of Anduin
6%
Dunedain Lands Lamedon
5%
Dunedain Lands Pinnath Gelin
5%
Elfen Lands Western Islands(Tol Fuin)
4%
Dunedain Lands Druwaith Iaur
3%
People and lands of the North Eyrie (Great Shelf)
3%
Elfen Lands Mithlindon
3%
Dunedain Lands Cameth Brin
2%
Dwarfs Territories Nurunkhizdin
2%
No matching quizzes found
Score Distribution
Percent of People with Each Score
Percentile by Number Answered
Your Score History
You have not taken this quiz